000 00464nam a2200157 i 4500
001 79081
003 ES-MaACL
005 20230906173909.0
007 t|
008 041019s1916 sp ||||1| spa d
100 1 _aHernández Briz, Baltasar.
_962895
245 1 0 _aConferencias de higiene infantil /
_cBaltasar Hernández Briz.
260 _aMadrid :
_b[s.n.,
_c1916] (
_fImp. del Asilo de Huérfanos)
300 _a31 p. ;
_c21 cm.
852 _aES-MaACL
_j1516-F-17
999 _c79081
_d79081